[Event "Hannover-ch U18"]
[Site "Lehrte"]
[Date "2010.10.10"]
[Round "3"]
[White "Essmann, Julian"]
[Black "Danitz, Bastian Felix"]
[Result "0-1"]
[WhiteElo "1689"]
[BlackElo "1523"]
[PlyCount "122"]
[EventDate "2010.10.09"]
[EventType "swiss"]
[EventRounds "7"]
[EventCountry "GER"]
[SourceTitle "EXT 2021"]
[Source "ChessBase"]
[SourceDate "2020.10.23"]
[SourceVersion "1"]
[SourceVersionDate "2020.10.23"]
[SourceQuality "1"]

1. e4 c5 2. c3 Nc6 3. d4 cxd4 4. cxd4 e6 5. Nc3 Nge7 6. Nf3 d5 7. Bd3 a6 8. 0-0 g6 9. e5 Bg7 10. Re1 0-0 11. Bg5 h6 12. Bh4 Bd7 13. h3 Rc8 14. Ne2 Nb4 15. Nh2 g5 16. Bg3 Nxd3 17. Qxd3 Bb5 18. Qb3 Nf5 19. Rad1 Qc7 20. Nc3 Bc4 21. Qc2 Bxa2 22. Ng4 Qb6 23. Qd2 Bb3 24. Ne3 Nxg3 25. fxg3 Bxd1 26. Rxd1 Qd8 27. Ng4 h5 28. Nf2 f5 29. Qe2 g4 30. h4 Bh6 31. Nd3 f4 32. gxf4 Qxh4 33. Nf2 Bxf4 34. Qc2 Qg5 35. Re1 Qf5 36. Qxf5 Rxf5 37. Nd3 Bd2 38. Rb1 Be3+ 39. Kh1 g3 40. Ne2 h4 41. Ng1 Rcf8 42. Nf3 Bxd4 43. Ra1 Bb6 44. Ra4 d4 45. Rb4 h3 46. Rxb6 hxg2+ 47. Kxg2 Rxf3 48. Nc5 Re3 49. Rxe6 Rf2+ 50. Kh3 g2+ 51. Kh2 Re1 52. Rg6+ Kf7 53. Rxg2 Rxg2+ 54. Kxg2 Rxe5 55. Nxb7 d3 56. Nd6+ Ke6 57. Nc4 Re2+ 58. Kf3 Kd5 59. b3 Kd4 60. Na5 Kc3 61. Nc6 Re8 0-1

[Event "Hannover-ch U16/18"]
[Site "Stadthagen"]
[Date "2009.10.03"]
[Round "2"]
[White "Krueger, Finn"]
[Black "Danitz, Bastian Felix"]
[Result "0-1"]
[WhiteElo "1552"]
[BlackElo "1408"]
[PlyCount "88"]
[EventDate "2009.10.03"]
[EventType "swiss"]
[EventRounds "7"]
[EventCountry "GER"]
[SourceTitle "EXT 2021"]
[Source "ChessBase"]
[SourceDate "2020.10.23"]
[SourceVersion "1"]
[SourceVersionDate "2020.10.23"]
[SourceQuality "1"]

1. e4 c5 2. Nf3 Nc6 3. d4 cxd4 4. Nxd4 g6 5. Nc3 Bg7 6. Nf3 e6 7. Bd3 Nge7 8. 0-0 0-0 9. Bf4 d5 10. e5 Qb6 11. Qc1 Rd8 12. Nb5 Bd7 13. Be3 d4 14. Nbxd4 Nxd4 15. Bxd4 Qc7 16. Qf4 Nc6 17. Bc3 Rac8 18. Rfd1 f6 19. Qg3 f5 20. h4 Rf8 21. Qh3 Be8 22. Ng5 Bf7 23. f4 Ne7 24. Kh2 Nd5 25. Bd2 Qb6 26. b3 Qf2 27. Be3 Nxe3 28. Qxe3 Qxh4+ 29. Kg1 Rfd8 30. g3 Qh6 31. Kg2 Bf8 32. Rh1 Qg7 33. Rxh7 Qxh7 34. Nxh7 Kxh7 35. Qxa7 Be8 36. Qxb7+ Kg8 37. Qa7 Bc6+ 38. Kf2 Be4 39. Ke2 Bxd3+ 40. cxd3 Rc2+ 41. Kd1 Rh2 42. Qg1 Rxd3+ 43. Ke1 Bb4+ 44. Kf1 Rf3+ 0-1

[Event "Hannover-ch U16"]
[Site "Lehrte"]
[Date "2008.10.11"]
[Round "1"]
[White "Danitz, Bastian Felix"]
[Black "Flauss, Bastian"]
[Result "1-0"]
[WhiteElo "1361"]
[BlackElo "961"]
[PlyCount "75"]
[EventDate "2008.10.11"]
[EventType "swiss"]
[EventRounds "7"]
[EventCountry "GER"]
[SourceTitle "EXT 2021"]
[Source "ChessBase"]
[SourceDate "2020.10.23"]
[SourceVersion "1"]
[SourceVersionDate "2020.10.23"]
[SourceQuality "1"]

1. c4 e5 2. Nc3 Nf6 3. g3 Bb4 4. Bg2 Nc6 5. a3 Bxc3 6. bxc3 d6 7. e3 Bg4 8. Qc2 0-0 9. d4 exd4 10. cxd4 d5 11. cxd5 Nxd5 12. Nf3 Bxf3 13. Bxf3 Qg5 14. 0-0 Rae8 15. Rb1 b6 16. Qxc6 Rd8 17. e4 Qf6 18. Qxf6 Nxf6 19. d5 Rd6 20. Bf4 Rdd8 21. Bxc7 Rd7 22. Be5 Ne8 23. Rbc1 Nf6 24. Bxf6 gxf6 25. Rc6 Kg7 26. Rfc1 Rdd8 27. Bg4 Rb8 28. d6 Rfd8 29. d7 a5 30. Rc8 Rbxc8 31. Rxc8 Rxc8 32. dxc8Q b5 33. Qd7 b4 34. axb4 axb4 35. Be6 Kh6 36. Qxf7 b3 37. Qxf6+ Kh5 38. g4# 1-0

[Event "Hannover-ch U16"]
[Site "Bueckeburg"]
[Date "2007.11.02"]
[Round "4"]
[White "Danitz, Bastian Felix"]
[Black "Chmelev, Alex"]
[Result "0-1"]
[WhiteElo "1544"]
[BlackElo "1651"]
[PlyCount "102"]
[EventDate "2007.11.01"]
[EventType "swiss"]
[EventRounds "7"]
[EventCountry "GER"]
[SourceTitle "EXT 2021"]
[Source "ChessBase"]
[SourceDate "2020.10.23"]
[SourceVersion "1"]
[SourceVersionDate "2020.10.23"]
[SourceQuality "1"]

1. c4 e5 2. Nc3 Nc6 3. g3 d6 4. e3 g6 5. d4 exd4 6. exd4 Bg7 7. Nge2 Bg4 8. Be3 Bf3 9. Rg1 Nge7 10. Qd2 Bxe2 11. Nxe2 Nf5 12. Bg5 Qd7 13. Bh3 0-0 14. Bh6 Bxh6 15. Qxh6 Nxh6 16. Bxd7 Nb4 17. Kd2 Rad8 18. Ba4 d5 19. a3 Na6 20. c5 c6 21. Rge1 Rfe8 22. Nf4 Ng4 23. f3 Nf6 24. b4 Nc7 25. Rab1 a6 26. Nd3 Ne6 27. Kc3 Ng5 28. Rxe8+ Rxe8 29. Ne5 Nxf3 30. Nxc6 Re3+ 31. Kb2 bxc6 32. Bxc6 Nxd4 33. Bb7 Rb3+ 34. Ka2 Rxb1 35. Kxb1 Nb5 36. Kb2 Nc7 37. Kc3 Kf8 38. Kd4 Ke7 39. Ke5 Ng4+ 40. Kd4 Nxh2 41. Bxd5 Nb5+ 42. Ke5 Nxa3 43. c6 f6+ 44. Kd4 Kd6 45. Bg2 Ng4 46. Bf1 Nb5+ 47. Bxb5 axb5 48. c7 Kxc7 49. Kc5 Ne3 50. Kxb5 Nd5 51. Kc5 Nxb4 0-1

[Event "Hannover-ch U16"]
[Site "Bueckeburg"]
[Date "2007.11.02"]
[Round "3"]
[White "Nuelle, Christoph"]
[Black "Danitz, Bastian Felix"]
[Result "0-1"]
[WhiteElo "1292"]
[BlackElo "1544"]
[PlyCount "52"]
[EventDate "2007.11.01"]
[EventType "swiss"]
[EventRounds "7"]
[EventCountry "GER"]
[SourceTitle "EXT 2021"]
[Source "ChessBase"]
[SourceDate "2020.10.23"]
[SourceVersion "1"]
[SourceVersionDate "2020.10.23"]
[SourceQuality "1"]

1. d4 d5 2. c4 e6 3. Nf3 Nf6 4. Nc3 c6 5. g3 Nbd7 6. c5 e5 7. dxe5 Ng4 8. b4 Ndxe5 9. Nxe5 Nxe5 10. Bg2 b6 11. f4 Nc4 12. Na4 bxc5 13. Nxc5 a5 14. Qa4 Bd7 15. Bh3 Bxh3 16. Qxc6+ Ke7 17. Qb7+ Kf6 18. Qc6+ Be6 19. f5 Bxc5 20. bxc5 Rc8 21. Qa6 Kxf5 22. 0-0+ Kg6 23. Qb5 f6 24. Bf4 Kf7 25. Qb7+ Qd7 26. Qb3 Rxc5 0-1

[Event "Niedersachsen-chT U14"]
[Site "Verden"]
[Date "2006.05.26"]
[Round "3.2"]
[White "Danitz, Bastian Felix"]
[Black "Klotz, Julian"]
[Result "1-0"]
[WhiteElo "1043"]
[BlackElo "771"]
[PlyCount "89"]
[EventDate "2006.05.25"]
[EventType "team"]
[EventRounds "7"]
[EventCountry "GER"]
[SourceTitle "EXT 2007"]
[Source "ChessBase"]
[SourceDate "2006.11.23"]
[SourceVersion "1"]
[SourceVersionDate "2006.11.23"]
[SourceQuality "1"]

1. c4 e5 2. Nc3 Nf6 3. g3 Nc6 4. Bg2 Bb4 5. d3 d6 6. Bd2 0-0 7. a3 Bxc3 8. Bxc3 Be6 9. e3 Qd7 10. h4 Rab8 11. b4 a6 12. b5 axb5 13. cxb5 Ne7 14. a4 b6 15. Nf3 Bf5 16. d4 e4 17. Nd2 d5 18. f3 exf3 19. Nxf3 Ne4 20. Ne5 Qe6 21. g4 Nxc3 22. gxf5 Qxf5 23. Bh3 Qxe5 24. dxe5 Nxd1 25. Kxd1 Ng6 26. e6 fxe6 27. Bxe6+ Kh8 28. Bxd5 Rfd8 29. e4 Nf4 30. Ke1 Nxd5 31. exd5 Rxd5 32. Kf2 h6 33. Rhc1 Rc8 34. Rc4 h5 35. Rac1 Rd2+ 36. Ke3 Ra2 37. Kf4 g6 38. Kg5 Rg2+ 39. Kh6 Rg4 40. Rxc7 Rf8 41. Rh7+ Kg8 42. Rcc7 Rf7 43. Rcxf7 Re4 44. Rhg7+ Kh8 45. Rf8# 1-0

[Event "Niedersachsen-chT U14"]
[Site "Verden"]
[Date "2006.05.25"]
[Round "1.2"]
[White "Danitz, Bastian Felix"]
[Black "Wierum, Colin"]
[Result "0-1"]
[WhiteElo "1043"]
[BlackElo "1459"]
[PlyCount "62"]
[EventDate "2006.05.25"]
[EventType "team"]
[EventRounds "7"]
[EventCountry "GER"]
[SourceTitle "EXT 2007"]
[Source "ChessBase"]
[SourceDate "2006.11.23"]
[SourceVersion "1"]
[SourceVersionDate "2006.11.23"]
[SourceQuality "1"]

1. c4 f5 2. d4 g6 3. Nf3 Bg7 4. Bf4 Nf6 5. Nc3 d6 6. e3 0-0 7. Bd3 Nbd7 8. Ng5 Nb6 9. c5 Nbd5 10. Qb3 e6 11. Bc4 Nxf4 12. exf4 d5 13. Bd3 c6 14. 0-0 Qc7 15. g3 Ne4 16. Ncxe4 fxe4 17. Bxe4 Bxd4 18. Qb4 e5 19. fxe5 Qxe5 20. Nf3 Qxe4 21. Nxd4 Bh3 22. f3 Qe3+ 23. Rf2 Rae8 24. Nc2 Qd3 25. Qh4 Bd7 26. Nd4 b6 27. cxb6 axb6 28. Raf1 c5 29. Nb3 Rf7 30. Nc1 Qe3 31. f4 d4 0-1

[Event "Niedersachsen-chT U14"]
[Site "Lingen"]
[Date "2005.05.05"]
[Round "1.3"]
[White "Danitz, Bastian Felix"]
[Black "Rieping, Michael"]
[Result "0-1"]
[WhiteElo "911"]
[BlackElo "1042"]
[PlyCount "96"]
[EventDate "2005.05.05"]
[EventType "team-swiss"]
[EventRounds "5"]
[EventCountry "GER"]
[SourceTitle "EXT 2007"]
[Source "ChessBase"]
[SourceDate "2006.11.23"]
[SourceVersion "1"]
[SourceVersionDate "2006.11.23"]
[SourceQuality "1"]

1. e4 d5 2. exd5 Qxd5 3. Nc3 Qa5 4. Bc4 Nf6 5. d3 Bg4 6. f3 Bh5 7. Bd2 c6 8. Nd5 Qd8 9. Nxf6+ gxf6 10. Qe2 e6 11. 0-0-0 Nd7 12. g4 Bg6 13. h4 h5 14. Bc3 Qb6 15. g5 Be7 16. f4 0-0-0 17. Qd2 Qc7 18. Nf3 Bd6 19. Kb1 Bxf4 20. Qe1 Bf5 21. gxf6 Rh6 22. Ng5 Nxf6 23. Rg1 Re8 24. Nf3 Ng4 25. Bd2 Bxd2 26. Qxd2 Rg6 27. Nd4 Rd8 28. Nxf5 exf5 29. Rdf1 Qd7 30. Qf4 Rg7 31. Qxf5 Qxf5 32. Rxf5 Rd7 33. b3 b5 34. Bxf7 Rdxf7 35. Rxh5 Nf6 36. Rxg7 Rxg7 37. Rh8+ Kb7 38. h5 Rg5 39. h6 Rh5 40. Kc1 Ng4 41. h7 Nf6 42. Rg8 Rxh7 43. Rg6 Nd7 44. Kb2 Kb6 45. c4 b4 46. a3 Rh2+ 47. Kb1 bxa3 48. Rg7 Nc5 0-1